LEADER 00945nam a2200241 u 4500 001 000000081399 003 CaOOAMICUS 005 20100210151218.0 008 050321s1942 it u000 u ita u 035 $a11035523 040 $aPUL(R)$bita 100 1 $aFascie, B.$0(OLS)http://pul/name/54253 245 14$aDel metodo educativo di Don Bosco :$bfonti e commenti /$cD. B. Fascie. 260 $aTorino :$bS. E. I.,$c1942. 300 $a114 p. ;$c21 cm 490 1 $aLetture di pedagogia ;$v4 650 4$aPedagogia$xMetodi.$0(OLS)http://pul/subject/7047 830 0$aLetture di pedagogia ;$v4.$0(OLS)http://pul/title/21108 850 $aPUL 852 $aPUL$W1$xDP1 Fondo Cecchetti$y53$m260 D 74.3$j193505$nBK-PRI$b $qFondi$B103840$CPULBib$Z2$F103840 $81 941 1 $a1 996 $6245$aDel metodo educativo di Don Bosco :$bfonti e commenti$9(OLS)http://pul/title/106473 996 $6260$aTorino :$bS. E. I.$9(OLS)http://pul/publisher/48669 LEADER 01331cam a2200325 a 4500 001 000000124100 003 CaOOAMICUS 005 20110127110007.0 008 110127t2010 it b 000 u ita r 020 $a978-88-420-9483-8 040 $aPUL$bita 041 1 $aita$hger 082 04$a945.05 100 1 $aGarin, Eugenio,$d1909-2004.$0(OLS)http://pul/name/8722 240 10$aKultur der Renaissance.$lItaliano.$0(OLS)http://pul/title/79520 245 13$aLa cultura del Rinascimento :$bprofilo storico /$cEugenio Garin. 260 $aRoma ;$aBari :$bLaterza,$cİ2010. 300 $a215 p. ;$c21 cm. 490 1 $aEconomica Laterza ;$v553 504 $aBibliografia p. 185-[197]. 650 4$aRinascimento$xCultura.$0(OLS)http://pul/subject/12100 830 0$aEconomica Laterza ;$v553.$0(OLS)http://pul/title/39309 850 $aPUL 852 $aPUL$W1$xSL Cons. Gen., Altre Classi 3$y75$m945. 05 GAREU 1$j142922$qDDC 21$B141912$CPULBib$Z2$F141912 $H115655 $82 941 1 $a9 996 $6020$a978-88-420-9483-8$9(OLS)http://pul/number/146202 996 $6082$a945.05$9(OLS)http://pul/classification/713 996 $6245$aLa cultura del Rinascimento :$bprofilo storico$9(OLS)http://pul/title/79521 996 $6260$aRoma ;$aBari :$bLaterza$9(OLS)http://pul/publisher/57682